Pokémon fusionnés avec Reshiram - Statistiques

Statistiques générales
  • Ce quiz a été pris 107 fois
  • Le résultat moyen est 11 sur 16
Statistiques - réponses
Par images Réponse % Correct
Zekrom
98%
Tyranocif
95%
Drattak
86%
Chenipotte
85%
Caratroc
81%
Téraclope
78%
Porygon 2
73%
Incisache
71%
Scobolide
67%
Manglouton
66%
Crabicoque
64%
Vénalgue
64%
Tokopiyon
62%
Latios
52%
Astronelle
47%
Leveinard
26%
Aucun quiz correspondant
Distribution des résultats
% des personnes avec chaque résultat
Percentile par nombre de réponses
Votre historique - résultats
Vous n’avez pas pris ce quiz